000 01425nam a22002657a 4500
003 OSt
005 20250219090228.0
008 230822s2022 ag ||||| ||||f00| 0 spa d
020 _a9789876429559
040 _bspa
_cbesoc
245 0 0 _aMatemática 7/1 /
_cÁngela D'Espósito ... [et al.]
250 _a1a ed.
260 _aBuenos Aires :
_bEdelvives,
_c2022
300 _a207 p.
490 _3Fuera de serie
505 0 _aBloque 1. Números y operaciones: Números naturales; Divisibilidad; Números racionales no negativos I; Números racionales no negativos II; Números racionales no negativos III; Números racionales no negativos IV -- Bloque 2. Introducción al álgebra y el estudio de las funciones: Noción de función; Proporcionalidad -- Bloque 3. Geometría y medida: Figuras planas I; Figuras planas II; Perímetro y área de figuras planas I; Perímetro y área de figuras planas II; Cuerpos geométricos I; Cuerpos geométricos II -- Bloque 4. Estadística y probabilidad: Estadística; Probabilidad -- Anexo: Introducción a las ecuaciones.-
650 _aEnseñanza de la matemática
_xEducación secundaria
_xLibros de texto
700 1 _aD'Espósito, Ángela
_eautor
700 1 _aDi Milia, Néstor
_eautor
700 1 _aMastroianni, Ana María
_eautor
700 1 _aNegrin Muniz, Guido Hugo
_eautor
700 1 _aOttolini, Renata
_eautor
700 1 _aRodríguez Gasol, Laura
942 _2udc
_cLPD
_n0
999 _c42
_d42